Organic chemistry / (Record no. 30423)
[ view plain ]
| 000 -LEADER | |
|---|---|
| fixed length control field | 01796nam a2200325 i 4500 |
| 003 - CONTROL NUMBER IDENTIFIER | |
| control field | CUTN |
| 005 - DATE AND TIME OF LATEST TRANSACTION | |
| control field | 20190829103555.0 |
| 008 - FIXED-LENGTH DATA ELEMENTS--GENERAL INFORMATION | |
| fixed length control field | 170112s2017 enka 001 0 eng d |
| 020 ## - INTERNATIONAL STANDARD BOOK NUMBER | |
| International Standard Book Number | 9781292151106 |
| 020 ## - INTERNATIONAL STANDARD BOOK NUMBER | |
| International Standard Book Number | 1292151102 |
| 041 ## - LANGUAGE CODE | |
| Language | English |
| 082 ## - DEWEY DECIMAL CLASSIFICATION NUMBER | |
| Classification number | 547 |
| Item number | WAD |
| 100 1# - MAIN ENTRY--PERSONAL NAME | |
| Personal name | Wade, Leroy G., |
| 245 10 - TITLE STATEMENT | |
| Title | Organic chemistry / |
| Statement of responsibility, etc | Leroy G. Wade, Jr. ; contributing author, Jan William Simek |
| 250 ## - EDITION STATEMENT | |
| Edition statement | 9th ed. / |
| 260 ## - PUBLICATION, DISTRIBUTION, ETC. (IMPRINT) | |
| Name of publisher, distributor, etc | Pearson Education Limited, |
| Date of publication, distribution, etc | 2016. |
| 300 ## - PHYSICAL DESCRIPTION | |
| Extent | 1394 pages : |
| Other physical details | illustrations ; |
| Dimensions | 28 cm |
| 500 ## - GENERAL NOTE | |
| General note | Includes index. |
| 505 ## - FORMATTED CONTENTS NOTE | |
| Title | 1. Structure and Bonding |
| -- | 2. Acids and Bases: Functional Groups |
| -- | 3. Structure and Stereochemistry of Alkanes |
| -- | 4. The Study of Chemical Reactions |
| -- | 5. Stereochemistry |
| -- | 6. Alkyl Halides. Nucleophilic Substitution |
| -- | 7. Structure and Synthesis of Alkenes; Elimination |
| -- | 8: Reactions of Alkenes |
| -- | 9. Alkynes |
| -- | 10. Structure and Synthesis of Alcohols |
| -- | 11. Reactions of Alcohols |
| -- | 12. Infrared Spectroscopy and Mass Spectrometry |
| -- | 13. Nuclear Magnetic Resonance Spectroscopy |
| -- | 14. Ethers, Epoxides and Thioethers<br/>15. Conjugated Systems, Orbital Symmetry, and Ultraviolet Spectroscopy<br/>16. Aromatic Compounds<br/>17. Reactions of Aromatic Compounds<br/>18. Ketones and Aldehydes<br/>19. Amines<br/>20. Carboxylic Acids<br/>21. Carboxylic Acid Derivatives<br/>22. Condensations and Alpha Substitutions of Carbonyl Compounds<br/>23. Carbohydrates and Nucleic Acids<br/>24. Amino Acids, Peptides, and Proteins<br/>25. Lipids<br/>26. Polymers |
| 650 #0 - SUBJECT ADDED ENTRY--TOPICAL TERM | |
| Topical term or geographic name as entry element | Chemistry, Organic |
| 650 #0 - SUBJECT ADDED ENTRY--TOPICAL TERM | |
| Topical term or geographic name as entry element | Chemistry, Organic |
| 700 1# - ADDED ENTRY--PERSONAL NAME | |
| Personal name | Simek, Jan William, |
| 942 ## - ADDED ENTRY ELEMENTS (KOHA) | |
| Source of classification or shelving scheme | Dewey Decimal Classification |
| Koha item type | General Books |
| 100 1# - MAIN ENTRY--PERSONAL NAME | |
| Titles and other words associated with a name | Jr., |
| Dates associated with a name | 1947- |
| Relator term | author. |
| 250 ## - EDITION STATEMENT | |
| Remainder of edition statement | Global edition. |
| 650 #0 - SUBJECT ADDED ENTRY--TOPICAL TERM | |
| Form subdivision | Textbooks. |
| 650 #0 - SUBJECT ADDED ENTRY--TOPICAL TERM | |
| Form subdivision | Problems, exercises, etc. |
| 700 1# - ADDED ENTRY--PERSONAL NAME | |
| Relator term | author. |
| Withdrawn status | Lost status | Source of classification or shelving scheme | Damaged status | Not for loan | Collection code | Home library | Location | Shelving location | Date of Cataloging | Total Checkouts | Total Renewals | Full call number | Barcode | Date last seen | Date checked out | Price effective from | Koha item type |
|---|---|---|---|---|---|---|---|---|---|---|---|---|---|---|---|---|---|
| Dewey Decimal Classification | Non-fiction | CUTN Central Library | CUTN Central Library | Sciences | 29/08/2019 | 10 | 3 | 547 WAD | 36897 | 10/12/2024 | 09/12/2024 | 29/08/2019 | General Books |
